000 00810nam a22002297a 4500
003 UA-OsUOA
001 122085
007 ta
008 20170410b un ||||| |||| 00| 0 ukr d
100 _aКириленко О.П.
700 _aМалиняк Б.С.
090 _a330(477)
_bК43
942 _cSA
040 _aUA-OsUOA
_bukr
_cUA-OsUOA
_dUA-OsUOA
245 _aУнікальний досвід організації публічного звітування про результати використання коштів обласного бюджету: уроки для поширення
300 _aС.36-51
955 _a0
041 _aukr
080 _a330(477)
773 0 _w122082
_tФінанси України
_dК.
_d2017
_g3
650 7 _a330 Економіка взагалі
_2UDC
999 _c408029
_d408029